000 01176cam a2200253 4500
001 ABS65823
008 020829n2002 000 0 eng u
035 _a(Sirsi) u119483
100 _aMcNab, S.
245 _aDishing the dirt
260 _c2002
490 _aProperty Week
_v67(27) 12 July 2002, 31-32(2)
520 _aGives advice on the problems that are associated with the redevelopment of brownfield sites. Argues it is increasingly important to get informed about the planning and environmental issues in order to get maximum value for the seller of a site which will be more cost effective for the long term. On larger sites a master planning process is the best way to proceed. Outside factors such as common law remedies of nuisance and negligence and health and safety are also factors and these may also influence the planning process.
590 _aABS
650 _aENVIRONMENTAL DAMAGE
650 _aINDUSTRIAL SITES
650 _aENVIRONMENT AGENCY
650 _aPLANNING CONSULTANTS
650 _aLOCAL PLANNING AUTHORITY
650 _aBROWNFIELD SITES
650 _aCONTAMINATED LAND
690 _aENVIRONMENT-CONTAMINATION
942 _n0
999 _c71041
_d71041